Videospielnamen auf Deutsch übersetzt - Statistiken

Allgemein
  • Dieses Quiz wurde 562 mal gespielt
  • Das Durchschnittsergebnis liegt bei 9 aus 12
Antwortstatistiken
Deutsch Englisch % Korrekt
Liga der Legenden League of Legends
98%
Minenhandwerk Minecraft
98%
Fortnacht Fortnite
95%
Krieg der Clane Clash of Clans
93%
Schwerer Autodiebstahl Grand theft Auto
92%
Süßigkeiten zerquetschen Candy Crush
89%
Unter uns Among us
76%
Ruf der Pflicht Call of Duty
71%
U-Bahn Surfer Subway Surfers
67%
überwachen Overwatch
61%
Wildwechsel: Neue Horizonte Animal Crossing: New horizones
58%
Feuerring Elden Ring
51%
Keine übereinstimmenden Quizze gefunden
Verteilung der Resultate
Anzahl Personen mit jedem Resultat
Perzentil nach korrekt beantworteten Fragen
Ihre Resultats-Entwicklung
Sie haben dieses Quiz noch nicht gespielt